| Tag |
First Indicator |
Second Indicator |
Subfields |
| LEADER |
00000cgm a2200000 a 4500 |
| 001 |
in00000013691 |
| 005 |
20151007052416.0 |
| 007 |
vf cbaho| |
| 008 |
860820s1986 xxu056|e||||| 0vleng d |
| 020 |
|
|
|a 0805100539 :
|c $29.95
|
| 035 |
|
|
|a (OCoLC)14115702
|
| 035 |
|
|
|9 AAA7659AM
|
| 037 |
|
|
|a VA 1052
|b Vestron Video
|
| 040 |
|
|
|a USD
|c USD
|d YQR
|d m/c
|d IBI
|d TXA
|d UtOrBLW
|
| 043 |
|
|
|a n-us-fl
|
| 049 |
|
|
|a TXAV
|c [A10148051]
|
| 050 |
|
4 |
|a G530.N83
|b A8 1986
|
| 245 |
0 |
0 |
|a Atocha, quest for treasure /
|c a production of the National Geographic Society ; produced by Tom Simon ; executive producers, Tim Cowling, Tim Kelly ; written by Nancy LeBrun.
|
| 264 |
|
2 |
|a Stamford, CT :
|b Distributed by Vestron Video,
|c [1986]
|
| 264 |
|
4 |
|c ©1986
|
| 300 |
|
|
|a 1 videocassette (56 min.) :
|b sound, color ;
|c 1/2 in.
|
| 336 |
|
|
|a two-dimensional moving image
|b tdi
|2 rdacontent
|
| 337 |
|
|
|a video
|b v
|2 rdamedia
|
| 338 |
|
|
|a videocassette
|b vf
|2 rdacarrier
|
| 538 |
|
|
|a VHS.
|
| 500 |
|
|
|a Closed-captioned for the hearing impaired.
|
| 508 |
|
|
|a Photographer, Mark Benjamin ; underwater photographer, Nick Caloyianis ; editor, Wendy Wank ; narrator, Martin Sheen ; music, Richard Einhorn.
|
| 500 |
|
|
|a "A National Geographic Explorer production."
|
| 521 |
|
|
|a General.
|
| 520 |
|
|
|a After a 16-year search, Mel Fisher finds many of the riches from the Spanish galleon Nuestra Señora de Atocha that sank off the coast of Key West in 1622.
|
| 500 |
|
|
|a "1052."
|
| 500 |
|
|
|a Videorecording.
|
| 610 |
2 |
0 |
|a Nuestra Señora de Atocha (Ship)
|
| 650 |
|
0 |
|a Treasure troves
|z Florida
|z Key West.
|
| 650 |
|
0 |
|a Films for the hearing impaired.
|
| 710 |
2 |
|
|a National Geographic Society (U.S.)
|
| 710 |
2 |
|
|a Vestron Video (Firm)
|
| 999 |
|
|
|a MARS
|
| 999 |
f |
f |
|s bbb2b8f0-cda3-39e9-a64e-5dd65b2fc1b1
|i 5ddd59a2-3dd7-346b-a492-9557e4ffa85e
|t 0
|